| 000 | 02646nam0a2200433 i 4500 | ||
|---|---|---|---|
| 001 | RU\NLR\BIBL_A\010194027 | ||
| 005 | 20260408113109.0 | ||
| 010 |
_a9785904275068 _9250 |
||
| 021 |
_aRU _b2013-103842 _97214 |
||
| 035 | _a(NILC)RuMoRGB-006715519 | ||
| 035 | _a(NLR Aleph) 010194027 | ||
| 090 |
_a10212307 _c10212307 |
||
| 100 | _a20140221d2013 km y0rusy50 ca | ||
| 101 | 0 | _arus | |
| 102 | _aRU | ||
| 105 | _aa|||z|||100yy | ||
| 200 | 1 |
_aЗапись и воспроизведение объемных изображений в кинематографе и других областях _eV международная научно-техническая конференция (Москва, 18-19 апреля 2013 года) _eматериалы и доклады _f[под общ. ред. к.т.н. О. Н. Раева] |
|
| 210 |
_aМосква _cМКБК _d2013 |
||
| 215 |
_a303 с. _cил., цв. ил., табл. _d23 см |
||
| 300 | _aВ надзаг.: М-во культуры Рос. Федерации, Союз кинематографистов Российской Федерации, ФГУП "Моск. конструкт. бюро киноаппаратуры" (МКБК), Федер. гос. бюджет. учреждение культуры "Гос. фонд кинофильмов Рос. Федерации" (Госфильмофонд России) [и др.] | ||
| 320 | _aБиблиогр. в конце ст. | ||
| 606 |
_aКиносъемка _jСъезды, совещания и т.п. _91166547 _3RU\NLR\AUTH\66149761 |
||
| 606 | 1 |
_aКинопроекция _jСъезды, совещания и т.п. _91134509 _3RU\NLR\AUTH\66450901 |
|
| 610 | 0 | _aобъемный кинематограф | |
| 610 | 0 | _aголографический кинематограф | |
| 610 | 0 | _aстереоскопическое кино | |
| 610 | 0 | _aцифровое кино | |
| 610 | 0 | _aобъемное кино | |
| 675 | _a791.44(082) | ||
| 686 | 1 | _aМ950.2я431(0) | |
| 686 | 1 | _aМ950.5я431(0) | |
| 702 | 1 |
_aРаев _bО. Н. _gОлег Николаевич _4340 |
|
| 711 | 1 | 2 |
_a"Запись и воспроизведение объемных изображений в кинематографе и других областях", международная научно-техническая конференция _d5 _eМосква _f2013 _9393143 _3RU\NLR\AUTH\880363069 |
| 801 | 0 |
_aRU _bRuMoRKP _c20131219 _gRCR |
|
| 801 | 2 |
_aRU _bРГБ _c20140211 _grcr |
|
| 942 | _cBOOK | ||
| 980 | _aNBR | ||